000 01614nam a2200373 c 4500
003 BLK
005 20220224130508.0
008 180413b bul|||||r ||||||| ||bul||
010 _aKNG00021306000
020 _a978-954-8585-21-7
_bиздат.: МаК
020 _a978-954-321-722-9
_bиздат.: Изток-Запад
040 _aBLK
041 _aBUL
_cBUL
072 7 _2bullib
_aН83
_xЧужда художествена литература Н
080 _aАмериканска литература (на САЩ)
_b821.111(73)
_x-31
_z821.111(73)-31
100 1 _aРанд, Айн
_eпърви автор
_gРозенбаум, Алиса Зиновиевна
_9263604
700 1 _aРозенбаум, Алиса Зиновиевна
_9263605
700 1 _aПопова, Милена
_eпрев. от англ.
_9257282
139 _aРанд, Айн
_bР 35
245 1 0 _aХимн
_cАйн Ранд; Алиса Зиновиевна Розенбаум; прев. от англ. Милена Попова.
257 _aUSA
260 София
_bМаК
_bИзток-Запад
_c2010
300 _a72 с.
_c22 см
_eCD
380 _aX
490 1 _aКолекция Айн Ранд
500 _aОриг. загл. Anthem / Ayn Rand. - Айн Ранд - псевд. на Алиса Зиновиевна Розенбаум. - Прил. със същото загл. и сигн. CD 2697.
653 _aромани
659 _aН
852 _aЦб 251356
856 4 _qpdf
_u
856 4 _qpdf
_u
942 _cKNG
_n0
_09
944 _aCR
_c25.03.2011
_lф /
_kВаля_Йорданова
944 _aED
_c14.04.2011
_lф /
_k
999 _c19203
_d19203